What your boss really wants from you : 15 insights to improve your relationship.
| Main Author: | |
|---|---|
| Format: | Book |
| Published: |
San Franciscoo:
Berrett-Koehler Publishers,
2014.
|
| Subjects: |
| LEADER | 00549cam a2200169 7i4500 | ||
|---|---|---|---|
| 001 | 0000032250 | ||
| 005 | 20150618090000.0 | ||
| 020 | 0 | 0 | |a 9781626560772 |
| 090 | 0 | 0 | |a B 650.13 |b ARN |
| 100 | 1 | 0 | |a Arneson, Steve |
| 245 | 1 | 0 | |a What your boss really wants from you : |b 15 insights to improve your relationship. |
| 260 | 0 | 0 | |a San Franciscoo: |b Berrett-Koehler Publishers, |c 2014. |
| 300 | # | # | |a 106 pages. |
| 650 | 0 | 0 | |a Interpersonal relations |
| 650 | 0 | 0 | |a Managing your boss |
| 650 | 0 | 0 | |a Career development |
| 999 | |a B000036017 |b Book |c Book |e Business Information Centre | ||


